banner koha

Características morfogênicas do capim-mombaça (Panicum maximum Jacq. cv. Mombaça)adubado com fontes de fósforo, sob pastejo (Registro n. 197478)

MARC details
000 -LÍDER
campo de controle de tamanho fixo 01082nas a2200361 4500
001 - NÚMERO DE CONTROLE
campo de controle BR0804148
003 - IDENTIFICADOR DO NÚMERO DE CONTROLE
campo de controle BR-BrBNA
005 - DATA E HORÁRIO DA ÚLTIMA TRANSAÇÃO
campo de controle 20231205112330.0
007 - CAMPO FIXO DE DESCRIÇÃO FÍSICA--INFORMAÇÃO GERAL
campo de controle de tamanho fixo ta
008 - CAMPO DE DADOS FIXOS--INFORMAÇÃO GERAL
campo de controle de tamanho fixo 230509b bl.|||p| |||| 00| 00por d
040 ## - FONTE DA CATALOGAÇÃO
Instituição da catalogação original BR-BrBNA
Idioma da catalogação por
Instituição que transcreveu o registro Biblioteca Nacional de Agricultura
041 ## - CÓDIGO DE IDIOMA
Código do idioma do texto/trilha sonora ou título diferente (Pt)
072 ## - CÓDIGO DE CATEGORIA DE ASSUNTO
Código de Categoria de Assunto F50; F04
100 1# - ENTRADA PRINCIPAL--NOME PESSOAL
Nome pessoal Cecato, U.
100 1# - ENTRADA PRINCIPAL--NOME PESSOAL
Nome pessoal Skrobot, V.D.
100 1# - ENTRADA PRINCIPAL--NOME PESSOAL
Nome pessoal Fakir, G.M.
100 1# - ENTRADA PRINCIPAL--NOME PESSOAL
Nome pessoal Jobim, C.C.
100 1# - ENTRADA PRINCIPAL--NOME PESSOAL
Nome pessoal Branco, A.F.
100 1# - ENTRADA PRINCIPAL--NOME PESSOAL
Nome pessoal Galbeiro, S.
100 1# - ENTRADA PRINCIPAL--NOME PESSOAL
Nome pessoal Janeiro, V.
245 1# - TÍTULO
Título Características morfogênicas do capim-mombaça (Panicum maximum Jacq. cv. Mombaça)adubado com fontes de fósforo, sob pastejo
650 ## - ASSUNTO--TERMO TÓPICO
Cabeçalho tópico ou nome geográfico CAPIM COLONIÃO
650 ## - ASSUNTO--TERMO TÓPICO
Cabeçalho tópico ou nome geográfico PANICUM MAXIMUM
650 ## - ASSUNTO--TERMO TÓPICO
Cabeçalho tópico ou nome geográfico MORFOLOGIA VEGETAL
650 ## - ASSUNTO--TERMO TÓPICO
Cabeçalho tópico ou nome geográfico FÓSFORO
650 ## - ASSUNTO--TERMO TÓPICO
Cabeçalho tópico ou nome geográfico ADUBAÇÃO
650 ## - ASSUNTO--TERMO TÓPICO
Cabeçalho tópico ou nome geográfico PASTEJO
650 ## - ASSUNTO--TERMO TÓPICO
Cabeçalho tópico ou nome geográfico CRESCIMENTO
650 ## - ASSUNTO--TERMO TÓPICO
Cabeçalho tópico ou nome geográfico PERFILHAÇÃO
773 0# - ENTRADA ANALÍTICA
Título Revista Brasileira de Zootecnia (Brazil)
ISSN - International Standard Serial Number ISSN 1516-3598
Partes relacionadas (Nov-Dec 2007), v. 36(6) p. 1699-1706
Número de controle do registro BR0804148
909 ## -
-- 202311
-- Lúcia
-- 55
-- Lúcia Elande
942 ## - ELEMENTOS DE ENTRADA ADICIONADOS (KOHA)
Fonte da classificação ou esquema de arquivamento na estante Classificação AGRIS
Ocultar no OPAC Não
Tipo de material Koha Analítica
Exemplares
Situação do descarte Fonte da classificação ou esquema de arquivamento na estante Situação física Não pode ser emprestado Biblioteca de origem Biblioteca atual Localização na estante Enumeração do periódico / cronologia Total de empréstimos Data de último acesso Número do exemplar Tipo de material Koha Fonte de aquisição
  Classificação AGRIS   Consulta local Biblioteca Nacional de Agricultura - Binagri Biblioteca Nacional de Agricultura - Binagri   (Nov-Dec 2007), v. 36(6) p. 1699-1706   29/11/2023 01 Periódicos Portaria Interministerial nº 164/94

BINAGRI

Telefone: (61)3218-2567/2388/3357/2097 - binagri@agro.gov.br

Ministério da Agricultura e Pecuária , Esplanada dos Ministérios, Bloco D, Anexo B, Brasília/DF, CEP: 70.043-900